000
00297nam a22001097a 4500
008
160613b xxu||||| |||| 00| 0 eng d
020
_a
0826131557
041
_a
eng
080
_a
618.2
245
_a
Teaching evidence-based practice in nursing:
_c
Rona F. Levin; Harriet R. Feldman;
942
_2
udc
_c
BK
999
_c
2444
_d
2444